<?xml version="1.0" encoding="UTF-8"?>
<record
    xmlns:xsi="http://www.w3.org/2001/XMLSchema-instance"
    xsi:schemaLocation="http://www.loc.gov/MARC21/slim http://www.loc.gov/standards/marcxml/schema/MARC21slim.xsd"
    xmlns="http://www.loc.gov/MARC21/slim">

  <leader>01728nam0a22002891  4500</leader>
  <controlfield tag="001">RU\NLR\19V\935273</controlfield>
  <controlfield tag="005">20260406220911.0</controlfield>
  <datafield tag="035" ind1=" " ind2=" ">
    <subfield code="a">(NLR Aleph) 010351928</subfield>
  </datafield>
  <datafield tag="090" ind1=" " ind2=" ">
    <subfield code="a">10749271</subfield>
    <subfield code="c">10749271</subfield>
  </datafield>
  <datafield tag="100" ind1=" " ind2=" ">
    <subfield code="a">20140423d1842    |||y0rusy50      ca</subfield>
  </datafield>
  <datafield tag="101" ind1="0" ind2=" ">
    <subfield code="a">rus</subfield>
  </datafield>
  <datafield tag="102" ind1=" " ind2=" ">
    <subfield code="a">RU</subfield>
  </datafield>
  <datafield tag="105" ind1=" " ind2=" ">
    <subfield code="a">y z |||||</subfield>
  </datafield>
  <datafield tag="200" ind1="1" ind2=" ">
    <subfield code="a">&#x423;&#x441;&#x442;&#x430;&#x432; &#x411;&#x43E;&#x43B;&#x44C;&#x43D;&#x438;&#x446;&#x44B; &#x432;&#x441;&#x435;&#x445; &#x441;&#x43A;&#x43E;&#x440;&#x431;&#x44F;&#x449;&#x438;&#x445;</subfield>
    <subfield code="e">[&#x443;&#x442;&#x432;&#x435;&#x440;&#x436;&#x434;&#x435;&#x43D; 10 &#x44F;&#x43D;&#x432;&#x430;&#x440;&#x44F; 1842 &#x433;.]</subfield>
  </datafield>
  <datafield tag="210" ind1=" " ind2=" ">
    <subfield code="a">[&#x421;&#x430;&#x43D;&#x43A;&#x442;&#x43F;&#x435;&#x442;&#x435;&#x440;&#x431;&#x443;&#x440;&#x433;</subfield>
    <subfield code="d">1842]</subfield>
  </datafield>
  <datafield tag="215" ind1=" " ind2=" ">
    <subfield code="a">[78] &#x441;.</subfield>
    <subfield code="d">34</subfield>
  </datafield>
  <datafield tag="327" ind1="0" ind2=" ">
    <subfield code="a">&#x41F;&#x435;&#x440;&#x435;&#x434; &#x442;&#x435;&#x43A;&#x441;&#x442;&#x43E;&#x43C;: "&#x423;&#x43A;&#x430;&#x437; &#x415;&#x433;&#x43E; &#x418;&#x43C;&#x43F;&#x435;&#x440;&#x430;&#x442;&#x43E;&#x440;&#x441;&#x43A;&#x43E;&#x433;&#x43E; &#x412;&#x435;&#x43B;&#x438;&#x447;&#x435;&#x441;&#x442;&#x432;&#x430;, &#x441;&#x430;&#x43C;&#x43E;&#x434;&#x435;&#x440;&#x436;&#x446;&#x430; &#x432;&#x441;&#x435;&#x440;&#x43E;&#x441;&#x441;&#x438;&#x439;&#x441;&#x43A;&#x43E;&#x433;&#x43E; &#x438;&#x437; &#x41F;&#x440;&#x430;&#x432;&#x438;&#x442;&#x435;&#x43B;&#x44C;&#x441;&#x442;&#x432;&#x443;&#x44E;&#x449;&#x435;&#x433;&#x43E; &#x421;&#x435;&#x43D;&#x430;&#x442;&#x430;" [&#x43E;&#x431; &#x443;&#x442;&#x432;&#x435;&#x440;&#x436;&#x434;&#x435;&#x43D;&#x438;&#x438; &#x423;&#x441;&#x442;&#x430;&#x432;&#x430; &#x411;&#x43E;&#x43B;&#x44C;&#x43D;&#x438;&#x446;&#x44B; &#x432;&#x441;&#x435;&#x445; &#x441;&#x43A;&#x43E;&#x440;&#x431;&#x44F;&#x449;&#x438;&#x445;]</subfield>
  </datafield>
  <datafield tag="464" ind1=" " ind2="0">
    <subfield code="1">2001#$a&#x423;&#x43A;&#x430;&#x437; &#x415;&#x433;&#x43E; &#x418;&#x43C;&#x43F;&#x435;&#x440;&#x430;&#x442;&#x43E;&#x440;&#x441;&#x43A;&#x43E;&#x433;&#x43E; &#x412;&#x435;&#x43B;&#x438;&#x447;&#x435;&#x441;&#x442;&#x432;&#x430;, &#x441;&#x430;&#x43C;&#x43E;&#x434;&#x435;&#x440;&#x436;&#x446;&#x430; &#x432;&#x441;&#x435;&#x440;&#x43E;&#x441;&#x441;&#x438;&#x439;&#x441;&#x43A;&#x43E;&#x433;&#x43E; &#x438;&#x437; &#x41F;&#x440;&#x430;&#x432;&#x438;&#x442;&#x435;&#x43B;&#x44C;&#x441;&#x442;&#x432;&#x443;&#x44E;&#x449;&#x435;&#x433;&#x43E; &#x421;&#x435;&#x43D;&#x430;&#x442;&#x430; &#x43E;&#x431; &#x443;&#x442;&#x432;&#x435;&#x440;&#x436;&#x434;&#x435;&#x43D;&#x438;&#x438; &#x423;&#x441;&#x442;&#x430;&#x432;&#x430; &#x411;&#x43E;&#x43B;&#x44C;&#x43D;&#x438;&#x446;&#x44B; &#x432;&#x441;&#x435;&#x445; &#x441;&#x43A;&#x43E;&#x440;&#x431;&#x44F;&#x449;&#x438;&#x445;</subfield>
    <subfield code="1">210##$d1842</subfield>
    <subfield code="t">&#x423;&#x43A;&#x430;&#x437; &#x415;&#x433;&#x43E; &#x418;&#x43C;&#x43F;&#x435;&#x440;&#x430;&#x442;&#x43E;&#x440;&#x441;&#x43A;&#x43E;&#x433;&#x43E; &#x412;&#x435;&#x43B;&#x438;&#x447;&#x435;&#x441;&#x442;&#x432;&#x430;, &#x441;&#x430;&#x43C;&#x43E;&#x434;&#x435;&#x440;&#x436;&#x446;&#x430; &#x432;&#x441;&#x435;&#x440;&#x43E;&#x441;&#x441;&#x438;&#x439;&#x441;&#x43A;&#x43E;&#x433;&#x43E; &#x438;&#x437; &#x41F;&#x440;&#x430;&#x432;&#x438;&#x442;&#x435;&#x43B;&#x44C;&#x441;&#x442;&#x432;&#x443;&#x44E;&#x449;&#x435;&#x433;&#x43E; &#x421;&#x435;&#x43D;&#x430;&#x442;&#x430; &#x43E;&#x431; &#x443;&#x442;&#x432;&#x435;&#x440;&#x436;&#x434;&#x435;&#x43D;&#x438;&#x438; &#x423;&#x441;&#x442;&#x430;&#x432;&#x430; &#x411;&#x43E;&#x43B;&#x44C;&#x43D;&#x438;&#x446;&#x44B; &#x432;&#x441;&#x435;&#x445; &#x441;&#x43A;&#x43E;&#x440;&#x431;&#x44F;&#x449;&#x438;&#x445;</subfield>
  </datafield>
  <datafield tag="620" ind1=" " ind2=" ">
    <subfield code="a">RU</subfield>
    <subfield code="d">&#x421;&#x430;&#x43D;&#x43A;&#x442;-&#x41F;&#x435;&#x442;&#x435;&#x440;&#x431;&#x443;&#x440;&#x433;</subfield>
  </datafield>
  <datafield tag="710" ind1="0" ind2="2">
    <subfield code="a">&#x41F;&#x435;&#x442;&#x435;&#x440;&#x431;&#x443;&#x440;&#x433;&#x441;&#x43A;&#x430;&#x44F; &#x431;&#x43E;&#x43B;&#x44C;&#x43D;&#x438;&#x446;&#x430; &#x432;&#x441;&#x435;&#x445; &#x441;&#x43A;&#x43E;&#x440;&#x431;&#x44F;&#x449;&#x438;&#x445;</subfield>
    <subfield code="3">RU\NLR\AUTH\889975476</subfield>
    <subfield code="9">447853</subfield>
  </datafield>
  <datafield tag="801" ind1=" " ind2="0">
    <subfield code="a">RU</subfield>
    <subfield code="b">NLR</subfield>
    <subfield code="c">20140423</subfield>
    <subfield code="g">psbo</subfield>
  </datafield>
  <datafield tag="801" ind1=" " ind2="1">
    <subfield code="a">RU</subfield>
    <subfield code="b">NLR</subfield>
    <subfield code="c">20140423</subfield>
    <subfield code="2">rusmarc</subfield>
  </datafield>
  <datafield tag="801" ind1=" " ind2="2">
    <subfield code="a">RU</subfield>
    <subfield code="b">NLR</subfield>
    <subfield code="c">20140423</subfield>
    <subfield code="2">rusmarc</subfield>
  </datafield>
  <datafield tag="852" ind1=" " ind2=" ">
    <subfield code="a">NLR</subfield>
    <subfield code="j">18.101.1.103</subfield>
  </datafield>
  <datafield tag="942" ind1=" " ind2=" ">
    <subfield code="c">BOOK</subfield>
  </datafield>
  <datafield tag="980" ind1=" " ind2=" ">
    <subfield code="a">NB</subfield>
  </datafield>
</record>
